top 40 najdroższych piłkarzy na swiecie - Statystyki

Ogólne statystyki
  • Ten quiz został rozwiązany 90 razy
  • Średni wynik to 18 z 40
Statystyki odpowiedzi
Hint Wartość Zawodnik % Poprawnych
Francja 180,00 mln Mbappe
97%
Norwegia 170,00 mln Haaland
96%
Brazylia 120,00 mln Vinicius
81%
Anglia 90,00 mln Kane
76%
Egipt 80,00 mln Salah
75%
Brazylia 75,00 mln Neymar
74%
Hiszpania 100,00 mln Pedri
74%
Hiszpania 90,00 mln Gavi
72%
Anglia 110,00 mln Bellingham
67%
Niemcy 100,00 mln Musiala
67%
Anglia 110,00 mln Foden
65%
Urugwaj 100,00 mln Valverde
64%
Maroko 70,00 mln Hakimi
60%
Anglia 100,00 mln Saka
54%
Belgia 80,00 mln De Bruyne
53%
Kanada 70,00 mln Davies
47%
Urugwaj 70,00 mln Nunez
43%
Brazylia 80,00 mln Rodrygo
43%
Serbia 80,00 mln Vlahović
43%
Niemcy 80,00 mln Kimmich
42%
Portugalia 75,00 mln Dias
40%
Portugalia 75,00 mln Fernandes
40%
Portugalia 85,00 mln Leao
39%
Chorwacja 75,00 mln Gvardiol
35%
Portugalia 80,00 mln Silva
35%
Anglia 80,00 mln Rice
33%
Francja 90,00 mln Tchouameni
33%
Niemcy 70,00 mln Havertz
31%
Argentyna 75,00 mln Martinez
31%
Nigeria 70,00 mln Osimhen
31%
Hiszpania 80,00 mln Rodri
29%
Kolumbia 75,00 mln Diaz
22%
Holandia 70,00 mln De Ligt
21%
Brazylia 75,00 mln Antony
19%
Anglia 75,00 mln Mount
17%
Francja 80,00 mln Nkunku
17%
Anglia 70,00 mln Alexander-Arnold
15%
Niemcy 70,00 mln Wirtz
14%
Brazylia 75,00 mln Jesus
13%
Anglia 70,00 mln Reece James
3%
Nie znaleziono quizów pasujących do podanych kryteriów
Rozkład punktacji
Procent ludzi z każdym wynikiem
Percentyl według liczby udzielonych odpowiedzi
Twoja historia wyników
Nie rozwiązałeś tego quizu